MDQL
is popping MORE tags! Check the
thread
!
Quizzes
Events
Quiz Creation
Community
Videos
Private Events
Remove Ads
Sign In
Join for FREE
Feedback
Dark Mode
Quiz Categories
Sports
Geography
Music
Movies
Television
Just For Fun
Miscellaneous
History
Literature
Language
Science
Gaming
Entertainment
Religion
Holiday
For Kids
Quiz Lab
Recent
Popular Today
Quiz Kudos Today
Editor Picks
Curator Picks
Quizzes by...
Day
Popularity
Type
Ratings
Length
Year
Community
Subscriptions
Recent Discussions
Orange Saloon
Badges
Playlists
Quests
Create
Leaderboards
Showdown
Live 5
Trivia Bingo
Activity
Puzzle Library
Sporcle Events
Private Events
Virtual Trivia
Globe League
Become a Host
Pub Owners
SporcleCon
Opinionation
Our Games
Videos
Blog
Mobile Apps
Partnerships
Remove Ads and Go Orange
Feedback
Music
Pop Music
The Beatles
Song
Album
Lyrics
Bands
Singers
Artist
Clip
Rock
Rap
Classical
Billboard
Country Music
Kpop
Taylor Swift
Music
Pop Music
The Beatles
Song
Album
Lyrics
Bands
Singers
Artist
Clip
Rock
Rap
Classical
Billboard
Country Music
Kpop
Taylor Swift
Random Quiz
Search Sporcle
×
Quiz Lab
Quiz Lab
Music
Song
Type in answers that appear in a list
Type in answers that appear in a list
Classic
Best Score? Go Orange.
Guess the McFly Lyrics! 3 Stats
Can you name the lyrics to this McFly song?
By
ThatStarGirl
10m
194 Questions
781 Plays
781 Plays
781 Plays
Comments
Comments
Give Quiz Kudos
Give Quiz Kudos
-
- Ratings
hide this ad
Replay
Link that replays current quiz
Next Quiz
Link to next quiz in quiz playlist
You Got
0%
They Got
Avg Score
55%
Avg Friend Score
Upgrade to see
Score Distribution
Jump to the score distribution portion of the page
Score
0/194
Timer
10:00
0
Plays Today
Lyrics
% Correct
The
96.8%
the
96.8%
and
96.8%
and
96.8%
and
96.8%
a
96.8%
and
96.8%
a
96.8%
the
96.8%
a
96.8%
a
96.8%
a
96.8%
I
95.3%
I
95.3%
I
95.3%
I
95.3%
I
95.3%
I
95.3%
(Chorus)
80.9%
(Chorus)
80.9%
me
78.4%
me
78.4%
me
78.4%
love
76.7%
love
76.7%
love
76.7%
we
74.5%
to
74.5%
she
73%
She
73%
She
73%
She
73%
she
73%
She
73%
She
73%
she
73%
(Bridge)
73%
She
73%
to
71.3%
to
71.3%
to
71.3%
to
71.3%
be
70.7%
in
68.9%
in
68.9%
in
68.9%
in
68.9%
it
68.4%
her
67.6%
her
67.6%
her
67.6%
her
67.6%
her
67.6%
is
66.8%
go
66.2%
so
65.4%
no
65.4%
So
65.4%
that
65.2%
girl
64.4%
girl
64.4%
girl
64.4%
girl
64.4%
girl
64.4%
girl (repeat)
64.4%
Lyrics
% Correct
girl
64.4%
if
60.4%
all
60.4%
all
60.4%
all
60.4%
I'm
60.3%
I'm
60.3%
I'm
60.3%
This
60.1%
this
60.1%
this
60.1%
this
60.1%
this
60.1%
this
60.1%
your
58.5%
for
55.4%
then
54%
Woah...
53%
Woah...
52.9%
Oooh (x2)
52.9%
Oooh (x2)
52.9%
Woah...
52.9%
Woah...
52.9%
could
52.5%
not
52.4%
don't
51.6%
you're
50.6%
would
49.9%
one
49.9%
it's
49.7%
let
48.9%
just
48.7%
got
48.5%
'cause
48.5%
'cause
48.5%
'cause
48.5%
she's
48.1%
she's
48.1%
She's
48.1%
she's
48.1%
She's
48.1%
can't
47.6%
But
47.5%
But
47.5%
at
46.9%
at
46.9%
Now
46.9%
as
46.6%
room
46.4%
room
46.4%
From
45.6%
from
45.6%
party
45.3%
party
45.3%
party
45.3%
party
45.3%
party
45.3%
party
45.3%
party
45.3%
party
45.3%
Yeah
45.2%
little
45.1%
little
45.1%
little
45.1%
little
45.1%
Lyrics
% Correct
little
45.1%
up
44.4%
up
44.4%
up
44.4%
by
43%
by
43%
world
42.5%
said
42.3%
kill
40.8%
looks
39.8%
clock
39.4%
twelve
39.3%
hit
39.2%
dance
39.2%
dance
39.2%
kiss
38.4%
entered
38.3%
doomed
38.2%
own
38%
perfume
37.8%
herself
37.8%
care
37.8%
herself
37.8%
lips
37.6%
likes
37.6%
likes
37.6%
such
37.3%
such
37.3%
poison
36.9%
let's
36.9%
looking
36.7%
mind
36.2%
wouldn't
36%
leave
35.3%
place
35.2%
there's
35.2%
move
35.1%
control
35%
able
34.6%
sexy
34.6%
give
34.2%
After
33.9%
else
33.8%
nobody
33.5%
gotta
33.4%
sin
33.3%
started
32.7%
venomous
32.5%
mercy
32.4%
swaying
32.3%
prison
32.1%
spin
31.9%
escape
31.9%
chained
31.5%
mess
31.2%
starting
31.1%
caught
30.9%
before
30.2%
teeth
28.4%
sinks
27.9%
resist
27.8%
temptation
27.7%
collar
26.6%
pull
26.5%
Quiz Playlist
Details
Report
Send in Message
Add To Playlist
Classic:
Type in answers that appear in a list
Last Updated: Feb 16, 2017
Quiz Scoreboard
CHALLENGE
Sign Up to Join the Scoreboard
Show All
Scores
Hide
Comments
May contain spoilers
Recently Published
Holiday 10x10 Sorting Gallery
by lukepisani3
Holiday
15m
Two Season TV Shows II
by 123Four
Television
10m
Image Sorting: Flags VI
by Barbecue
Geography
2m
More to Explore
Quiz From the Vault
Featured Blog Post
14 Easter Pick-up Lines to Find Eggs With
hide this ad
You Might Also Like...
Tags
Lyrics Quiz
Song Quiz
McFly
McFly Songs
Today's Top Quizzes in Music
Browse Music
hide this ad
Today's Top Quizzes in Song
Browse Song
Top Contributed Quizzes in Music
1
5X2 Blitz: Bands II
2
5X2 Blitz: The Beatles
3
Taylor Swift All Songs (2024)
4
5X2 Blitz: Billboard
5
5X2 Blitz: Billboard II
6
Music Artist by Three 2010s hits
7
5X2 Blitz: Album
8
5X2 Blitz: Rock
9
5X2 Blitz: Singers
10
5X2 Blitz: Lyrics
Explore More
Trending Topics
Crossword
Anime
Disney
Harry Potter
Kpop
Marvel
NBA
WWE
NFL
The Office
Pokémon
Puzzle
Song
Soccer
Country
hide this ad
More By:
ThatStarGirl
Quiz
Plays
Rating
Category
Featured
Created
Figure Out the Lyrics (Glee Cover)
270,808
3.00
Music
Apr 30, 2010
Figure Out the Lyrics (Glee Cover II)
135,467
3.51
Music
Nov 23, 2010
Guess the Glee Lyrics! 8
32,215
3.16
Music
May 4, 2010
Guess the Disney Lyrics!
25,856
3.90
Music
Feb 4, 2010
Guess the Glee Lyrics! 4
24,716
3.42
Music
May 2, 2010
Go to Creator's Profile
Score Distribution
Quiz Creator Spotlight
ThatStarGirl
Follow
Send a Message
Quizzes Created
-
Created Quiz Play Count
-
More By This Creator
Popular Quizzes Today
1
Find the US States - No Outlines Minefield
2
Colored Red Africa Blitz
3
Find the 'City' Movie
4
The Countries of the World
5
5x2 Blitz: Bands
6
Find the Countries of Europe - No Outlines Minefield
7
Find the US States
8
US States
More Music Quizzes
'90s Music Videos
Published
Trending Quizzes
Colored Red Europe Blitz I
Colored Red Africa Blitz II
Colored Red Europe Blitz II
Even More Two Season TV Shows
Colored Red Africa Blitz III
Recently Updated
Odd Team Out - Big 4 Players
pecheneg
Quick Pick: 20 Twenties
pecheneg
March Madness Men's Triple Doubles
pecheneg
How Do You Spell That?
pecheneg
Godzilla Movies
pecheneg
Grab Bag: 4-10 Letters
pecheneg
2024 March Madness Bracket
pecheneg
Famous TV Couples
Peacemaker
Champions League XIs: Real Madrid
pecheneg
Largest US Cities 1790-2010
pecheneg
Trending Topics
Marvel
Kpop
NBA
Crossword
Anime
Harry Potter
Disney
The Office
Country
Pokémon
Soccer
Song
Puzzle
WWE
NFL
Your Account Isn't Verified!
In order to create a playlist on Sporcle, you need to verify the email address you used during registration. Go to your
Sporcle Settings
to finish the process.
Report this User
Report this user for behavior that violates our
Community Guidelines
.
Details:
Send Report
Go to the Sporcle.com Mobile Site →
Comments